书目信息 |
| 题名: |
卡通动物表现与机械设定速成
|
|
| 作者: | 刘长江 , 王麟角 主编 | |
| 分册: | ||
| 出版信息: | 北京 华艺出版社 2010.04 |
|
| 页数: | 140页 | |
| 开本: | 26cm | |
| 丛书名: | 卡通动漫高手速成课堂 | |
| 单 册: | ||
| 中图分类: | J218.7 | |
| 科图分类: | ||
| 主题词: | 动画--技法(美术) | |
| 电子资源: | ||
| ISBN: | 978-7-80252-062-2 | |
| 000 | 00817nam 2200241 450 | |
| 001 | 1137040703 | |
| 005 | 20110302102957.00 | |
| 010 | @a978-7-80252-062-2@dCNY25.00 | |
| 100 | @a20110302d2010 km y0chiy0120 ea | |
| 101 | 0 | @achi |
| 102 | @aCN@b110000 | |
| 105 | @aa z 000yy | |
| 200 | 1 | @a卡通动物表现与机械设定速成@Aka tong dong wu biao xian yu ji xie she ding su cheng@f刘长江, 王麟角主编@Fliu chang jiang,wang lin jiao zhu bian |
| 210 | @a北京@c华艺出版社@d2010.04 | |
| 215 | @a140页@c图@d26cm | |
| 225 | 2 | @a卡通动漫高手速成课堂 |
| 410 | 0 | @12001 @a卡通动漫高手速成课堂 |
| 606 | 0 | @a动画@x技法(美术) |
| 690 | @aJ218.7@v4 | |
| 701 | 0 | @a刘长江@Aliu chang jiang@4主编 |
| 701 | 0 | @a王麟角@Awang lin jiao@4主编 |
| 801 | 0 | @aCN@b大连网信软件有限公司图书馆·11@c20110302 |
| 905 | @aZUCC@dJ218.7@eL5909@f3 | |
| 卡通动物表现与机械设定速成/刘长江, 王麟角主编.-北京:华艺出版社,2010.04 |
| 140页:图;26cm.-(卡通动漫高手速成课堂) |
| ISBN 978-7-80252-062-2:CNY25.00 |
| ● |
| 相关链接 |
|
|
|
正题名:卡通动物表现与机械设定速成
索取号:J218.7/L5909
 
预约/预借
| 序号 | 登录号 | 条形码 | 馆藏地/架位号 | 状态 | 备注 |
| 1 | 1188049 | 211880491 | 社科库309/309社科库 74排1列1层/ [索取号:J218.7/L5909] | 在馆 | |
| 2 | 1188050 | 211880507 | 社科库309/309社科库 74排1列1层/ [索取号:J218.7/L5909] | 在馆 | |
| 3 | 1188051 | 211880516 | 社科库309/309社科库 74排1列1层/ [索取号:J218.7/L5909] | 在馆 |